Commentary, practical and explanatory, on the whole Bible / (Record no. 6081)
[ view plain ]
| 000 -LEADER | |
|---|---|
| fixed length control field | 01084cam a2200325Ia 4500 |
| 001 - CONTROL NUMBER | |
| control field | 40429832 |
| 003 - CONTROL NUMBER IDENTIFIER | |
| control field | OCoLC |
| 005 - DATE AND TIME OF LATEST TRANSACTION | |
| control field | 20190111181613.0 |
| 008 - FIXED-LENGTH DATA ELEMENTS--GENERAL INFORMATION | |
| fixed length control field | 981202s1975 miu bd 000 0 eng d |
| 020 ## - INTERNATIONAL STANDARD BOOK NUMBER | |
| International Standard Book Number | 0310265703 |
| 020 ## - INTERNATIONAL STANDARD BOOK NUMBER | |
| International Standard Book Number | 9780310265702 |
| 035 ## - SYSTEM CONTROL NUMBER | |
| System control number | (OCoLC)40429832 |
| 040 ## - CATALOGING SOURCE | |
| Original cataloging agency | PBE |
| Transcribing agency | PBE |
| Modifying agency | OCL |
| -- | OCLCQ |
| -- | OCLCG |
| -- | BSC |
| 082 ## - DEWEY DECIMAL CLASSIFICATION NUMBER | |
| Classification number | 220.7 |
| Item number | H521C |
| 092 ## - LOCALLY ASSIGNED DEWEY CALL NUMBER (OCLC) | |
| Classification number | 220.7 |
| Item number | J32c, 1982 |
| 100 1# - MAIN ENTRY--PERSONAL NAME | |
| Personal name | Jamieson, Robert, |
| Dates associated with a name | 1802-1880. |
| 245 10 - TITLE STATEMENT | |
| Title | Commentary, practical and explanatory, on the whole Bible / |
| Statement of responsibility, etc. | Robert Jamieson, A.R. Fausset, David Brown. |
| 246 18 - VARYING FORM OF TITLE | |
| Title proper/short title | Commentary on the whole Bible |
| 250 ## - EDITION STATEMENT | |
| Edition statement | [New clear type ed.] |
| 260 ## - PUBLICATION, DISTRIBUTION, ETC. | |
| Place of publication, distribution, etc. | Grand Rapids, Mich. : |
| Name of publisher, distributor, etc. | Zondervan, |
| Date of publication, distribution, etc. | 1982. |
| 300 ## - PHYSICAL DESCRIPTION | |
| Extent | 1591 p. ; |
| Dimensions | 24 cm. |
| 500 ## - GENERAL NOTE | |
| General note | Nineteenth printing 1982. |
| 500 ## - GENERAL NOTE | |
| General note | Spine title: Commentary on the whole Bible. |
| 504 ## - BIBLIOGRAPHY, ETC. NOTE | |
| Bibliography, etc. note | Includes bibliographical references. |
| 630 00 - SUBJECT ADDED ENTRY--UNIFORM TITLE | |
| Uniform title | Bible |
| Form subdivision | Commentaries. |
| 630 00 - SUBJECT ADDED ENTRY--UNIFORM TITLE | |
| Uniform title | Bible |
| General subdivision | Geography |
| Form subdivision | Dictionaries. |
| 700 1# - ADDED ENTRY--PERSONAL NAME | |
| Personal name | Fausset, A. R. |
| Fuller form of name | (Andrew Robert), |
| Dates associated with a name | 1821-1910. |
| 700 1# - ADDED ENTRY--PERSONAL NAME | |
| Personal name | Brown, David, |
| Dates associated with a name | 1803-1897. |
| 942 ## - ADDED ENTRY ELEMENTS (KOHA) | |
| Source of classification or shelving scheme | Dewey Decimal Classification |
| Koha item type | Reference |
| Withdrawn status | Lost status | Source of classification or shelving scheme | Damaged status | Not for loan | Collection code | Home library | Current library | Shelving location | Date acquired | Cost, normal purchase price | Total Checkouts | Full call number | Barcode | Date last seen | Price effective from | Koha item type |
|---|---|---|---|---|---|---|---|---|---|---|---|---|---|---|---|---|
| Dewey Decimal Classification | Not For Loan | Reference | Harvest Mission College | Harvest Mission College | Reference | 11.01.2019 | 3000.00 | REF 220.7 H521C | 006880 | 11.01.2019 | 11.01.2019 | Reference |
